000 00554nam a22002057a 4500
003 OSt
005 20140310182824.0
008 130525t xxu||||| |||| 00| 0 eng d
020 _a9789814272841
050 _aQD 415
_b.St874 2011
082 _aM 574.19
_bS874 2011
245 _aBiochemistry
_cStoker, H. Stephen
260 _aPhilippines, Pasig City
_bCengage Learning Asia Pte Ltd
_cc2011
300 _a504 p. ;
_bill.
_c23 cm.
521 _aCollege Students
526 _c1210L-1700L
541 _j1
562 _e1
942 _2lcc
_cBK
_kM
999 _c16447
_d16447